Normal view
MARC view
- Bani Israel
Entry Topical Term
001 - CONTROL NUMBER
- control field: 118572
003 - CONTROL NUMBER IDENTIFIER
- control field: NUST
005 - DATE AND TIME OF LATEST TRANSACTION
- control field: 20231028150155.0
008 - FIXED-LENGTH DATA ELEMENTS
- fixed length control field: 231028|| aca||aabn | a|a d
040 ## - CATALOGING SOURCE
- Original cataloging agency: NUST
- Transcribing agency: NUST
150 ## - HEADING--TOPICAL TERM
- Topical term or geographic name entry element: Bani Israel
670 ## - SOURCE DATA FOUND
- Source citation: Work cat.: (NUST)606776: Dr. Muhammad Mushtaq Ahmad Mangat 118571, Bani Israel sey Israel tak: teen mazahab ka markaz/, 2021.
